| 000 | 00418nam a22001577a 4500 | ||
|---|---|---|---|
| 020 | _a9788126541386 | ||
| 040 | _cNUST | ||
| 082 |
_a621.3192 _bIRW |
||
| 100 |
_aJ. David Irwin _913544 |
||
| 110 |
_aRobert M. Nelms _9124118 |
||
| 245 | _aEngineering Circuit Analysis | ||
| 250 | _aTenth Edition | ||
| 260 |
_aIndia: _bJohn wiley & Sons, _c2015. |
||
| 650 |
_aEngineering Mechanics Dynamics _93079 |
||
| 942 |
_2ddc _cBK |
||
| 999 |
_c610083 _d610083 |
||